书目信息 |
| 题名: |
海外司法制度掠影
|
|
| 作者: | 嵇昆梅 主编 ;北京市高级人民法院 编 | |
| 分册: | ||
| 出版信息: | 北京 人民法院出版社 2002.07 |
|
| 页数: | 662页, 16页图版 | |
| 开本: | 21cm | |
| 丛书名: | ||
| 单 册: | ||
| 中图分类: | D916-53 | |
| 科图分类: | ||
| 主题词: | 司法制度--外国--文集 | |
| 电子资源: | ||
| ISBN: | 7-80161-342-2 | |
| 000 | 01065nam0 2200253 450 | |
| 001 | 192004003040 | |
| 005 | 20070906100832.45 | |
| 010 | @a7-80161-342-2@dCNY45.00 | |
| 100 | @a20070601d2002 ekmy0chiy0121 ea | |
| 101 | 0 | @achi |
| 102 | @aCN@b110000 | |
| 105 | @aafk z 000yy | |
| 200 | 1 | @a海外司法制度掠影@Ahai wai si fa zhi du lue ying@e北京法院法官出访文集@f主编嵇昆梅@g北京市高级人民法院编 |
| 210 | @a北京@c人民法院出版社@d2002.07 | |
| 215 | @a662页, 16页图版@c图 (部分彩图)@d21cm | |
| 300 | @a其他题名:北京法院法官出访文集 | |
| 330 | @a本书按不同内容分为海外司法制度掠影、愿中法友谊之花永远盛开、推开世界知识产权保护之窗、透视国外民商事法律制度、为了明天的希望、国外法官管理及司法行政工作见闻、走马观花看世界等七个部分。本书适合法律专业的读者阅读。 | |
| 517 | 1 | @a北京法院法官出访文集@Abei jing fa yuan fa guan chu fang wen ji |
| 606 | 0 | @a司法制度@y外国@j文集 |
| 690 | @aD916-53@v4 | |
| 701 | 0 | @a嵇昆梅@Aji kun mei@4主编 |
| 712 | 02 | @a北京市高级人民法院@Abei jing shi gao ji ren min fa yuan@4编 |
| 801 | 0 | @aCN@c20070906 |
| 905 | @dD916-53@eJ052 | |
| 海外司法制度掠影:北京法院法官出访文集/主编嵇昆梅/北京市高级人民法院编.-北京:人民法院出版社,2002.07 |
| 662页, 16页图版:图 (部分彩图);21cm |
| 其他题名:北京法院法官出访文集 |
| ISBN 7-80161-342-2:CNY45.00 |
| 本书按不同内容分为海外司法制度掠影、愿中法友谊之花永远盛开、推开世界知识产权保护之窗、透视国外民商事法律制度、为了明天的希望、国外法官管理及司法行政工作见闻、走马观花看世界等七个部分。本书适合法律专业的读者阅读。 |
| ● |
| 相关链接 |
|
|
|
正题名:海外司法制度掠影
索取号:D916-53/J052
 
预约/预借
| 序号 | 登录号 | 条形码 | 馆藏地/架位号 | 状态 | 备注 |
| 1 | 621676 | 206216762 | 法学院资料室/ [索取号:D916-53/J052] | 在馆 | |
| 2 | 621677 | 206216771 | 社科库509/509社科库 82排5列3层/ [索取号:D916-53/J052] | 在馆 | |
| 3 | 621678 | 206216780 | 社科库509/509社科库 82排5列3层/ [索取号:D916-53/J052] | 在馆 |